Women entrepreneurs and changing social structure of KSA (Record no. 530419)

000 -LEADER
fixed length control field 01352nam a22001457a 4500
008 - FIXED-LENGTH DATA ELEMENTS--GENERAL INFORMATION
fixed length control field 250613b ||||| |||| 00| 0 eng d
100 ## - MAIN ENTRY--PERSONAL NAME
Personal name Saleem, Imran, Arafat, Mohd. Yasir and Saleem, Anjila
245 ## - TITLE STATEMENT
Title Women entrepreneurs and changing social structure of KSA
260 ## - PUBLICATION, DISTRIBUTION, ETC. (IMPRINT)
Place of publication, distribution, etc Vikalpa: The Journal for Decision Makers
300 ## - PHYSICAL DESCRIPTION
Extent 50(1), Jan-Mar, 2025: p.51-68
520 ## - SUMMARY, ETC.
Summary, etc This study investigates factors that encourage and discourage women entrepreneurship in Saudi Arabia. The research uses the Adult Population Survey (APS) and analysed data collected from 1,305 women. Findings show that perceived capability, opportunity perception, risk perception, social network and informal investment significantly influence women’s propensity to entrepreneurship. However, the entrepreneurial propensity of women who have financed others’ businesses is negative. This study highlights the need for entrepreneurship researchers to examine factors that mobilize and inhibit entrepreneurial initiatives among women and study cognitive and social capital variables in an integrated framework.- Reproduced

https://journals.sagepub.com/doi/full/10.1177/02560909241304635
650 ## - SUBJECT ADDED ENTRY--TOPICAL TERM
Topical term or geographic name as entry element Perception, Social capital, Entrepreneurship, Developing economy, Saudi Arabia
9 (RLIN) 54345
942 ## - ADDED ENTRY ELEMENTS (KOHA)
Item type Articles
Holdings
Withdrawn status Lost status Source of classification or shelving scheme Damaged status Not for loan Permanent location Current location Date acquired Barcode Date last seen Koha item type
          Indian Institute of Public Administration Indian Institute of Public Administration 2025-06-13 AR136198 2025-06-13 Articles

Powered by Koha